| 000 | 01171nab a2200241 i 4500 | ||
|---|---|---|---|
| 001 | 768714001 | ||
| 003 | CO-MdFUSB | ||
| 005 | 20240814130129.0 | ||
| 008 | 240814t1923 cr ||||| |||| 00| 0 eng d | ||
| 040 |
_bspa _cCO-MdFUSB _dCO-MdFUSB |
||
| 041 | _aeng | ||
| 245 | _aSomething for our boys and girls | ||
| 520 | _aEste artículo muestra le realidad que viven los niños en diferentes lugares de Latinoamérica, algunos sufren la devastación de un terremoto, otros padecen enfermedades como la malaria o la lepra. Por otra parte, los misioneros se llenaron de esperanza, y hay miles de personas que fallecen, sin conocer a Jesús. No hay duda de que si el evangelio llega a estas zonas traerá cambios importantes, como lo han hecho otras naciones. | ||
| 546 | _aTexto en inglés. | ||
| 650 | 0 |
_aEsperanza de vida _91113 |
|
| 650 | 7 |
_aFe _9531 |
|
| 650 | 0 |
_aMisiones _9154 |
|
| 650 | 0 |
_aPredicación _954 |
|
| 650 | 0 |
_aEvangelización _9362 |
|
| 773 | 0 |
_070761 _982969 _oR2742.0. _tLatin America Mission _w(CO-MdFUSB)768714001 _gVolumen 3, (número 7, 1924), páginas: 12 - 13 _qpágina: 12 |
|
| 942 | _cANA | ||
| 945 | _aCatherine Arias Álvarez - Practicante SENA | ||
| 999 |
_c70827 _d70827 |
||